| 000 | 00675cab a2200241 4500 | ||
|---|---|---|---|
| 001 | WB3208-41 | ||
| 008 | 090401t1996 xxu||||| |||| 00| 0 eng d | ||
| 035 | _a(Sirsi) u34587 | ||
| 041 | _aeng | ||
| 245 | _aBiomass fuel | ||
| 260 | _c1996 | ||
| 350 | _a0 | ||
| 490 |
_aScotsman _v19 February 1996, 29(1) |
||
| 520 | _aConsiders the feasibility and future of biomass as a renewable form of energy. | ||
| 650 | _aBIOMASS | ||
| 650 | _aNON FOSSIL FUEL OBLIGATION | ||
| 650 | _aRENEWABLE ENERGY | ||
| 650 | _aSCOTTISH RENEWABLES OBLIGATION | ||
| 690 | _aENVIRONMENTAL AND LAND CONSULTANCY-ENERGY | ||
| 690 | _aRURAL PRACTICE | ||
| 942 | _n0 | ||
| 948 | _c04/03/1997 | ||
| 999 |
_c22885 _d22885 |
||